[Event "II Open A"]
[Site "Pedavena ITA"]
[Date "2006.08.01"]
[Round "1"]
[White "Bagolin, Renzo"]
[Black "Ricci, Alfredo"]
[Result "0-1"]
[WhiteElo "1754"]
[BlackElo "2036"]
[PlyCount "124"]
[EventDate "2006.08.01"]

1. c4 Nf6 2. Nc3 g6 3. g3 Bg7 4. d4 d5 5. cxd5 Nxd5 6. Bg2 Nxc3 7. bxc3 c5 8.
e3 O-O 9. Qb3 Nc6 10. Ba3 cxd4 11. cxd4 Qa5+ 12. Ke2 Rb8 13. Rc1 Bxd4 14. Nf3
Bf6 15. Bc5 Be6 16. Qc2 Qa6+ 17. Ke1 Rbc8 18. Qe2 Qxa2 19. Qxa2 Bxa2 20. Ke2 b6
21. Ba3 b5 22. Nd2 Na5 23. Bh3 Rxc1 24. Rxc1 Nc4 25. Nxc4 Bxc4+ 26. Ke1 a5 27.
Bc5 a4 28. Ba3 Rd8 29. Bf1 Bxf1 30. Kxf1 Rd3 31. Bb4 a3 32. Rc8+ Kg7 33. Ra8
Bb2 34. Ke2 Rb3 35. Bxe7 b4 36. g4 f5 37. Ra7 Kg8 38. g5 Be5 39. Bf6 Bxf6 40.
gxf6 Rb2+ 41. Kf3 a2 42. Kf4 Rxf2+ 43. Ke5 Rc2 44. Ra8+ Kf7 45. Ra7+ Ke8 46.
Ra8+ Kd7 47. Ra7+ Rc7 48. Rxa2 b3 49. Rb2 Rb7 50. Kf4 h6 51. Ke5 Rb5+ 52. Kd4
Ke6 53. Kc4 Rb7 54. f7 Kxf7 55. Rxb3 Rxb3 56. Kxb3 Ke6 57. Kc4 Ke5 58. Kd3 g5
59. Ke2 Ke4 60. Kf2 g4 61. Ke2 h5 62. Kf2 Kd3 0-1

[Event "II Open A"]
[Site "Pedavena ITA"]
[Date "2006.08.01"]
[Round "1"]
[White "Barlocco, Carlo"]
[Black "Savarese, Vincenzo"]
[Result "1-0"]
[WhiteElo "2183"]
[BlackElo "1859"]
[PlyCount "39"]
[EventDate "2006.08.01"]

1. Nc3 d5 2. e4 e6 3. g3 Nf6 4. e5 Nfd7 5. f4 c5 6. Nf3 Nc6 7. Bg2 f6 8. O-O
fxe5 9. fxe5 Be7 10. Qe2 O-O 11. d3 a6 12. Bd2 b5 13. Rae1 Bb7 14. Bh3 Rxf3 15.
Bxe6+ Kh8 16. Qxf3 Nd4 17. Qf7 Nb6 18. Bf4 Nxc2 19. Re2 c4 20. Bh6 1-0

[Event "II Open A"]
[Site "Pedavena ITA"]
[Date "2006.08.01"]
[Round "1"]
[White "Binder, Andrea"]
[Black "Cammarota, Vittorio"]
[Result "1/2-1/2"]
[WhiteElo "1691"]
[BlackElo "2002"]
[PlyCount "139"]
[EventDate "2006.08.01"]

1. Nf3 d5 2. c4 Nf6 3. b3 e6 4. Bb2 c6 5. g3 Nbd7 6. Bg2 Bd6 7. O-O Rb8 8. d3
O-O 9. Nbd2 b5 10. cxb5 cxb5 11. e4 Be7 12. Nd4 Qb6 13. Rc1 Bb7 14. Qe2 Rfe8
15. e5 Bc5 16. Nc2 Rbc8 17. exf6 Nxf6 18. Be5 Be7 19. d4 Qa5 20. Ne3 b4 21.
Rfe1 Ba6 22. Qd1 Rxc1 23. Qxc1 Qxa2 24. Bxf6 Bxf6 25. Nxd5 Rc8 26. Nxf6+ gxf6
27. Qd1 Rc2 28. Qg4+ Kf8 29. Nc4 Rxf2 30. Bc6 Rxh2 31. Qf4 Bxc4 32. bxc4 b3 33.
Be4 Rh3 34. Kf1 b2 35. Qb8+ Kg7 36. Qf4 Qxc4+ 37. Kg2 Rh6 38. Qd2 f5 39. Bb1
Qc6+ 40. d5 Qxd5+ 41. Qxd5 exd5 42. Bxf5 a5 43. Rb1 Rb6 44. Kf3 a4 45. Rd1 a3
46. Bb1 Rb3+ 47. Kf2 Rb5 48. Ke3 h6 49. Rd3 Ra5 50. Ba2 Kf6 51. Kd4 Ke6 52. Rb3
Kf5 53. Ke3 Ke5 54. Kd3 f6 55. Ke3 Ra7 56. Kd3 Rg7 57. Ke2 Ra7 58. Kd3 Ra4 59.
Ke3 h5 60. Kd3 f5 61. Ke3 h4 62. gxh4 Rxh4 63. Ke2 Re4+ 64. Kd2 Ra4 65. Ke3 f4+
66. Kf3 Kf6 67. Rd3 Ra5 68. Kxf4 Ra4+ 69. Ke3 Re4+ 70. Kd2 1/2-1/2

[Event "II Open A"]
[Site "Pedavena ITA"]
[Date "2006.08.01"]
[Round "1"]
[White "Bini, Lorenzo"]
[Black "Fantini, Adriano"]
[Result "1-0"]
[WhiteElo "2039"]
[BlackElo "1760"]
[PlyCount "70"]
[EventDate "2006.08.01"]

1. f4 e5 2. d3 Nc6 3. Nf3 d6 4. g3 Nf6 5. Nc3 Be7 6. Bg2 Rb8 7. O-O Bg4 8. h3
Bd7 9. g4 h6 10. e4 Nh7 11. Nd5 f6 12. d4 exf4 13. Nxf4 g5 14. Ng6 Rg8 15. Nxe7
Nxe7 16. Qd3 Ng6 17. Bd2 Nhf8 18. Rae1 Be6 19. Rf2 Nd7 20. e5 fxe5 21. dxe5
Ndxe5 22. Nxe5 dxe5 23. Qc3 Qd6 24. Be3 b6 25. Rd2 Qe7 26. Bc6+ Kf7 27. Be4
Rbd8 28. Rf2+ Ke8 29. Bxg6+ Rxg6 30. Qxe5 Rd5 31. Qh8+ Kd7 32. Qa8 a5 33. Rf8
Kd6 34. Bf2 Qg7 35. Rd8+ 35... Bd7 {...} 1-0

[Event "II Open A"]
[Site "Pedavena ITA"]
[Date "2006.08.01"]
[Round "1"]
[White "Campini, Marco"]
[Black "Foroni, Francesco"]
[Result "1/2-1/2"]
[WhiteElo "2100"]
[BlackElo "1836"]
[PlyCount "40"]
[EventDate "2006.08.01"]

1. e4 Nc6 2. d4 d5 3. exd5 Qxd5 4. Be3 e5 5. Nc3 Bb4 6. a3 Bxc3+ 7. bxc3 Nf6 8.
f3 O-O 9. Kf2 exd4 10. cxd4 Re8 11. Ne2 b6 12. Nf4 Qd6 13. Qd2 Bb7 14. Bc4 Rad8
15. c3 Ne7 16. Rhe1 Nf5 17. Kg1 Nxe3 18. Rxe3 Rxe3 19. Qxe3 Re8 20. Qd2 Qe7
1/2-1/2

[Event "II Open A"]
[Site "Pedavena ITA"]
[Date "2006.08.01"]
[Round "1"]
[White "Capraro, Fabio"]
[Black "Capuano, Eugenio"]
[Result "0-1"]
[WhiteElo "1873"]
[BlackElo "2255"]
[PlyCount "60"]
[EventDate "2006.08.01"]

1. c4 g6 2. g3 Bg7 3. Bg2 d6 4. Nc3 Nf6 5. d3 O-O 6. e3 e5 7. Nge2 c6 8. O-O
Be6 9. Qc2 a5 10. h3 Na6 11. Kh2 Rc8 12. Qb1 d5 13. cxd5 cxd5 14. Bd2 Qd7 15.
a4 Nb4 16. Nb5 Nc2 17. Ra2 d4 18. b3 dxe3 19. Rxc2 Rxc2 20. Qxc2 exd2 21. Qxd2
Bxb3 22. Qxa5 Bd5 23. Nec3 Bxg2 24. Kxg2 Qxd3 25. Rd1 Qc2 26. Rd8 Ne4 27. Nxe4
Qxe4+ 28. Kh2 Rxd8 29. Qxd8+ Bf8 30. Nd6 Qd5 0-1

[Event "II Open A"]
[Site "Pedavena ITA"]
[Date "2006.08.01"]
[Round "1"]
[White "Cipolotti, Piersilvio"]
[Black "Rezzuti, Vincenzo"]
[Result "1-0"]
[WhiteElo "1787"]
[BlackElo "2045"]
[PlyCount "75"]
[EventDate "2006.08.01"]

1. Nf3 d5 2. g3 Bg4 3. Bg2 Nd7 4. O-O Ngf6 5. d3 e6 6. Nbd2 Be7 7. Qe1 c6 8. e4
dxe4 9. dxe4 e5 10. h3 Bxf3 11. Bxf3 O-O 12. Kg2 Qc7 13. h4 Nc5 14. Rh1 Rad8
15. b4 Ne6 16. c3 c5 17. a3 cxb4 18. cxb4 Nd4 19. Rb1 Nxf3 20. Nxf3 Rd3 21. Bb2
Ng4 22. Qc1 Qd6 23. Rd1 Rxd1 24. Qxd1 Qb6 25. Qc2 Bd6 26. Rd1 f5 27. exf5 e4
28. Nh2 Nxh2 29. Kxh2 Rxf5 30. Bd4 Qc7 31. Qxe4 Qf7 32. Bxa7 Bc7 33. Be3 h6 34.
Kg2 Re5 35. Qd3 g5 36. hxg5 hxg5 37. Qd7 Re7 38. Qd5 1-0

[Event "II Open A"]
[Site "Pedavena ITA"]
[Date "2006.08.01"]
[Round "1"]
[White "Cortina, Federico"]
[Black "Efimov, Igor"]
[Result "0-1"]
[WhiteElo "1907"]
[BlackElo "2439"]
[PlyCount "52"]
[EventDate "2006.08.01"]

1. d4 Nf6 2. c4 e6 3. Nf3 b6 4. g3 Ba6 5. b3 d5 6. Nbd2 Bb4 7. Bb2 O-O 8. Rc1
dxc4 9. bxc4 Bb7 10. Bg2 c5 11. e3 cxd4 12. exd4 e5 13. d5 e4 14. Nd4 Nbd7 15.
O-O Re8 16. Qc2 Rc8 17. a3 Bxd2 18. Qxd2 Ne5 19. Nf5 g6 20. Qg5 Nfg4 21. Nh6+
Kf8 22. Qd2 Nf6 23. Qg5 Nfd7 24. Qf4 Qf6 25. Qd2 Qd6 26. h3 Nxc4 0-1

[Event "II Open A"]
[Site "Pedavena ITA"]
[Date "2006.08.01"]
[Round "1"]
[White "De Nardi, Riccardo"]
[Black "Biancotti, Alessandro"]
[Result "1-0"]
[WhiteElo "1973"]
[BlackElo "1678"]
[PlyCount "55"]
[EventDate "2006.08.01"]

1. e4 c5 2. Nf3 d6 3. d4 cxd4 4. c3 dxc3 5. Nxc3 Nc6 6. Bc4 Nf6 7. e5 dxe5 8.
Qxd8+ Kxd8 9. Ng5 Ke8 10. Bxf7+ Kd8 11. Bb3 Ke8 12. Nb5 Rb8 13. Be3 e6 14. Nc7+
Kd7 15. Ngxe6 Bb4+ 16. Ke2 Ke7 17. a3 Bd6 18. Rad1 Bxe6 19. Nxe6 g6 20. Bg5
Nd4+ 21. Nxd4 exd4 22. Rxd4 Be5 23. Re4 Kd6 24. Bxf6 Bxf6 25. Re6+ Kd7 26. Rd1+
Kc7 27. Rxf6 Rbe8+ 28. Kf1 1-0

[Event "II Open A"]
[Site "Pedavena ITA"]
[Date "2006.08.01"]
[Round "1"]
[White "Dussin, Davide"]
[Black "Occari, Maurizio"]
[Result "0-1"]
[WhiteElo "1823"]
[BlackElo "2082"]
[PlyCount "104"]
[EventDate "2006.08.01"]

1. d4 g6 2. c4 Bg7 3. Nc3 d6 4. e4 Nf6 5. Nf3 O-O 6. Be2 Nc6 7. d5 Ne5 8. Nxe5
dxe5 9. Be3 e6 10. O-O exd5 11. cxd5 Ne8 12. Rc1 a6 13. Qd2 f5 14. f3 f4 15.
Bf2 g5 16. Na4 Kh8 17. Rfd1 b6 18. Qb4 Rf6 19. Qc3 Rg6 20. b3 h5 21. Nb2 g4 22.
Nd3 Qg5 23. Be1 h4 24. Rc2 gxf3 25. Bxf3 Bg4 26. Nf2 Bxf3 27. Qxf3 Bf8 28. Nd3
Bd6 29. Kh1 Nf6 30. Qh3 Rh6 31. Nf2 Rg8 32. Rdc1 Qg6 33. Qf3 Rh5 34. Bc3 Rg5
35. Nh3 Rg4 36. Re1 Nxd5 37. exd5 Qxc2 38. Nxf4 Qf5 39. Nh3 Qxf3 40. gxf3 Rg2
41. f4 Rc2 42. Bxe5+ Kh7 43. Bxd6 cxd6 44. Ng5+ Kg6 45. Nf3 Kh5 46. f5 Rf2 47.
Nd4 h3 48. Ne2 Rgg2 49. Ng3+ Kg4 50. Nf1 Kg5 51. a3 Rxf5 52. Ne3 Re5 0-1

[Event "II Open A"]
[Site "Pedavena ITA"]
[Date "2006.08.01"]
[Round "1"]
[White "Fabrello, Alessandro"]
[Black "Forato, Enrico"]
[Result "0-1"]
[WhiteElo "1557"]
[BlackElo "1949"]
[PlyCount "100"]
[EventDate "2006.08.01"]

1. d4 Nf6 2. Nf3 g6 3. Bf4 Bg7 4. e3 O-O 5. c4 d6 6. h3 Nbd7 7. Nc3 c6 8. Rc1
Qa5 9. Nd2 e5 10. Nb3 Qb6 11. Bg5 h6 12. Bh4 exd4 13. Qxd4 Qxd4 14. Nxd4 Nc5
15. b4 Nce4 16. Nxe4 Nxe4 17. Bd3 Re8 18. f3 Bxd4 19. Bxe4 Bxe3 20. Rc3 Bd4 21.
Rd3 Be5 22. Re3 f5 23. Bd3 Bc3+ 24. Ke2 Rxe3+ 25. Kxe3 Bxb4 26. g4 g5 27. Be1
Bxe1 28. Rxe1 Bd7 29. Kd4 Kf7 30. gxf5 Kf6 31. c5 d5 32. Rb1 Rb8 33. a4 Bxf5
34. Bxf5 Kxf5 35. a5 a6 36. Re1 Kf4 37. Re6 Kxf3 38. Rf6+ Kg3 39. Rxh6 Re8 40.
Rf6 Re4+ 41. Kc3 Rc4+ 42. Kb3 Rxc5 43. Kb4 Rb5+ 44. Ka4 Kxh3 45. Rf7 g4 46.
Rh7+ Kg2 47. Rf7 g3 48. Rf6 Kg1 49. Rf7 g2 50. Rf6 d4 0-1

[Event "II Open A"]
[Site "Pedavena ITA"]
[Date "2006.08.01"]
[Round "1"]
[White "Gamberini, Davide"]
[Black "Pojer, Romeo"]
[Result "0-1"]
[WhiteElo "1853"]
[BlackElo "2159"]
[PlyCount "98"]
[EventDate "2006.08.01"]

1. e4 e5 2. Nf3 Nc6 3. d4 exd4 4. Bc4 Nf6 5. O-O Nxe4 6. Re1 d5 7. Bxd5 Qxd5 8.
Nc3 Qf5 9. Nxe4 Be6 10. Bg5 Bb4 11. Nxd4 Qg6 12. Nxe6 fxe6 13. c3 Bd6 14. Nxd6+
cxd6 15. Qxd6 Qxg5 16. Rad1 Nd8 17. Qd7+ Kf8 18. Rd3 Qe7 19. Qa4 h5 20. Rd7 Qg5
21. Re3 Rh6 22. Rg3 Qc1+ 23. Rd1 Qxb2 24. Qd4 Rf6 25. Rf1 Qxa2 26. Qc5+ Kg8 27.
Qxh5 Nc6 28. Qg5 Rf7 29. h3 Rd8 30. Qh5 Kf8 31. Qc5+ Kg8 32. Qh5 Rf5 33. Qh4
Qe2 34. Re3 Qh5 35. Qc4 Qf7 36. Qh4 Rh5 37. Qg4 Ne5 38. Qg3 Nc6 39. Rf3 Rf5 40.
Re3 Rf8 41. f3 Qe7 42. Rfe1 Qc5 43. Kh1 R5f6 44. Re4 Qxc3 45. Rg4 Rh6 46. h4
Qf6 47. Ree4 Ne7 48. Rg5 Nf5 49. Qc7 Qxg5 0-1

[Event "II Open A"]
[Site "Pedavena ITA"]
[Date "2006.08.01"]
[Round "1"]
[White "Genocchio, Daniele"]
[Black "Bini, Alessandro"]
[Result "1-0"]
[WhiteElo "2345"]
[BlackElo "1877"]
[PlyCount "49"]
[EventDate "2006.08.01"]

1. e4 Nc6 2. Nc3 d6 3. d4 Nf6 4. f4 e6 5. Nf3 d5 6. Bd3 Bb4 7. e5 Ne4 8. Bd2
Nxd2 9. Qxd2 h6 10. O-O O-O 11. Qf2 Be7 12. a3 a6 13. Nd1 f5 14. exf6 Bxf6 15.
c3 Ne7 16. Ne3 Qd6 17. Qg3 c5 18. Ng4 cxd4 19. Nxh6+ Kh8 20. Qh3 Qxf4 21. Ng4+
Kg8 22. Bh7+ Kf7 23. Qh5+ g6 24. Bxg6+ Nxg6 25. Nfe5+ 1-0

[Event "II Open A"]
[Site "Pedavena ITA"]
[Date "2006.08.01"]
[Round "1"]
[White "Hutzheimer, Alfred"]
[Black "Carlassara, Renato"]
[Result "0-1"]
[WhiteElo "2146"]
[BlackElo "1850"]
[PlyCount "96"]
[EventDate "2006.08.01"]

1. d4 d5 2. c4 e6 3. Nc3 c5 4. cxd5 exd5 5. e3 Nc6 6. Nf3 Nf6 7. Bb5 a6 8.
Bxc6+ bxc6 9. Ne5 Qc7 10. O-O Bd6 11. f4 O-O 12. h3 cxd4 13. exd4 c5 14. Be3
Bb7 15. Rc1 Rac8 16. Kh1 Qd8 17. Bg1 cxd4 18. Bxd4 Bc5 19. Bxc5 Rxc5 20. Qd4
Qc8 21. Rcd1 Ne4 22. Rf3 f6 23. Ng4 Rc4 24. Qd3 Nxc3 25. bxc3 d4 26. cxd4 Bxf3
27. Qxf3 Rd8 28. Rd2 Rcxd4 29. Qb3+ Kh8 30. Rxd4 Rxd4 31. Qe3 Ra4 32. a3 Qf8
33. Qa7 Rxa3 34. Kh2 Qc8 35. Qe7 Ra5 36. Nxf6 gxf6 37. Qxf6+ Kg8 38. g4 Rb5 39.
Kg3 a5 40. f5 Rb3+ 41. Kh4 Rb7 42. Qe5 Qd8+ 43. f6 Rf7 44. g5 h6 45. Kh5 hxg5
46. Qxg5+ Kh8 47. Qe5 Qxf6 48. Qxa5 Qf5+ 0-1

[Event "II Open A"]
[Site "Pedavena ITA"]
[Date "2006.08.01"]
[Round "1"]
[White "Luciani, Valerio"]
[Black "Colombo, Sandro"]
[Result "1-0"]
[WhiteElo "2232"]
[BlackElo "1864"]
[PlyCount "61"]
[EventDate "2006.08.01"]

1. d4 d5 2. c4 dxc4 3. e4 e5 4. Nf3 exd4 5. Bxc4 Bb4+ 6. Nbd2 c5 7. Qb3 Qe7 8.
O-O Nf6 9. e5 Ng4 10. h3 Nxe5 11. Nxe5 Qxe5 12. Bxf7+ Kf8 13. Nf3 Qf6 14. Bd5
Nc6 15. a3 Ba5 16. Bg5 Qg6 17. Qc4 Bb6 18. Rfe1 Bxh3 19. Bxc6 bxc6 20. Be7+ Ke8
21. Ng5 Kd7 22. Nxh3 Rae8 23. Bxc5 Re4 24. Rxe4 Qxe4 25. Ng5 Qe5 26. Nf7 Qxc5
27. Qxc5 Bxc5 28. Nxh8 Ke7 29. Rc1 Bb6 30. Rxc6 Kf8 31. Kf1 1-0

[Event "II Open A"]
[Site "Pedavena ITA"]
[Date "2006.08.01"]
[Round "1"]
[White "Maietti, Luca"]
[Black "Guastadini, Paolo"]
[Result "1-0"]
[WhiteElo "1811"]
[BlackElo "2051"]
[PlyCount "112"]
[EventDate "2006.08.01"]

1. d4 c6 2. Nf3 d6 3. c3 g6 4. Bg5 Bg7 5. Nbd2 Nd7 6. e3 Ngf6 7. Bd3 O-O 8. O-O
b6 9. Qe2 Qc7 10. Rfe1 Bb7 11. e4 e5 12. dxe5 dxe5 13. Rad1 Rfe8 14. Nb3 Rac8
15. Nfd2 Nf8 16. Ba6 Bxa6 17. Qxa6 Rcd8 18. Qe2 Ne6 19. Be3 Bf8 20. f3 Nd7 21.
g3 Ndc5 22. Nxc5 Nxc5 23. Nb3 Ne6 24. Rxd8 Rxd8 25. Rd1 Be7 26. Rxd8+ Qxd8 27.
Qd2 Qc7 28. Kf1 Qc8 29. Kg2 Qa6 30. a3 Qc4 31. Qc2 Kg7 32. Kf2 Bg5 33. Bxg5
Nxg5 34. Nd2 Qe6 35. g4 Nh3+ 36. Kg3 Nf4 37. Qb3 Qf6 38. Qd1 h5 39. Qf1 h4+ 40.
Kf2 Qd6 41. Ke1 h3 42. Kd1 b5 43. Kc2 Ng2 44. Qf2 a5 45. Nb3 a4 46. Nc5 Nf4 47.
Qe3 Kh6 48. Nd3 Qxd3+ 49. Qxd3 Nxd3 50. Kxd3 f5 51. exf5 gxf5 52. gxf5 Kg5 53.
Ke4 Kf6 54. f4 exf4 55. Kxf4 c5 56. Ke4 Kg5 1-0

[Event "II Open A"]
[Site "Pedavena ITA"]
[Date "2006.08.01"]
[Round "1"]
[White "Marson, Antonio"]
[Black "Stiz, Massimiliano"]
[Result "1/2-1/2"]
[WhiteElo "1837"]
[BlackElo "2101"]
[PlyCount "35"]
[EventDate "2006.08.01"]

1. d4 e6 2. Bf4 d5 3. e3 Nf6 4. c3 Bd6 5. Bxd6 Qxd6 6. Nf3 Nbd7 7. Nbd2 O-O 8.
Bd3 e5 9. dxe5 Nxe5 10. Nxe5 Qxe5 11. Nf3 Qd6 12. O-O Bg4 13. Be2 Ne4 14. Nd4
Bxe2 15. Qxe2 c6 16. Rad1 b5 17. Qg4 Nf6 18. Qxg7+ 1/2-1/2

[Event "II Open A"]
[Site "Pedavena ITA"]
[Date "2006.08.01"]
[Round "1"]
[White "Naumkin, Igor"]
[Black "De Zaiacomo, Tonino"]
[Result "1-0"]
[WhiteElo "2430"]
[BlackElo "1898"]
[PlyCount "37"]
[EventDate "2006.08.01"]

1. d4 d5 2. c4 c6 3. Nf3 e6 4. Bg5 Nf6 5. Bxf6 Qxf6 6. Nc3 Bb4 7. Rc1 O-O 8. e3
Nd7 9. a3 Bxc3+ 10. Rxc3 dxc4 11. Bxc4 b5 12. Bd3 Bb7 13. O-O Qe7 14. Be4 Nf6
15. Bxc6 Rac8 16. Qc2 Bxc6 17. Rxc6 Qb7 18. Rc1 Rxc6 19. Qxc6 1-0

[Event "II Open A"]
[Site "Pedavena ITA"]
[Date "2006.08.01"]
[Round "1"]
[White "Okhotnik, Vladimir"]
[Black "Bonotto, Giorgio"]
[Result "1-0"]
[WhiteElo "2485"]
[BlackElo "1918"]
[PlyCount "61"]
[EventDate "2006.08.01"]

1. Nf3 Nf6 2. d4 d5 3. Nc3 c6 4. g3 g6 5. Bg2 Bg7 6. O-O O-O 7. Re1 Nbd7 8. e4
dxe4 9. Nxe4 Nxe4 10. Rxe4 Nf6 11. Re1 Qc7 12. c3 Re8 13. a4 a5 14. Qb3 Nd5 15.
Bd2 e6 16. Ne5 b6 17. c4 Ne7 18. Bf4 Qb7 19. Rad1 Ra7 20. h4 Rd8 21. g4 Bd7 22.
h5 f6 23. Nxd7 Rxd7 24. h6 g5 25. Bg3 Bxh6 26. Rxe6 Bg7 27. Rde1 Kh8 28. Bd6
Rxd6 29. Rxd6 Qc7 30. c5 Nd5 31. Re8+ 1-0

[Event "II Open A"]
[Site "Pedavena ITA"]
[Date "2006.08.01"]
[Round "1"]
[White "Ottolini, Graziano"]
[Black "Buzzatti, Francesco"]
[Result "0-1"]
[WhiteElo "2084"]
[BlackElo "1823"]
[PlyCount "119"]
[EventDate "2006.08.01"]

1. e4 c5 2. Nf3 d6 3. d4 cxd4 4. Nxd4 g6 5. Be2 Bg7 6. O-O Nc6 7. Be3 Nf6 8.
Nc3 O-O 9. Kh1 Nd7 10. Qd2 Re8 11. a3 a6 12. f4 Nxd4 13. Bxd4 e5 14. Bg1 exf4
15. Qxf4 Ne5 16. Nd5 Rf8 17. Bb6 Qd7 18. Bf2 Qd8 19. Bh4 Qa5 20. Be7 Be6 21.
Bxd6 Bxd5 22. Bxf8 Rxf8 23. exd5 Qxd5 24. c3 Qb3 25. Qb4 Qc2 26. Bd1 Qd3 27.
Bb3 Qd2 28. Rad1 Qe2 29. Rde1 Qd2 30. Qxb7 Nd3 31. Rd1 Qe3 32. Qf3 Qxf3 33.
Rxf3 Ne5 34. Rff1 Rb8 35. Ba4 Rxb2 36. Rd8+ Bf8 37. Re8 Ng4 38. h3 Nh6 39. g4
Kg7 40. Ra8 Bxa3 41. Rxa6 Bc5 42. Rc6 Ba7 43. c4 Bb8 44. Rc8 f5 45. Bd7 f4 46.
c5 Nf7 47. c6 Nd6 48. Rd8 Bc7 49. Ra8 Ne4 50. Rf3 Ng3+ 51. Rxg3 fxg3 52. Ra6
Kf7 53. g5 g2+ 54. Kg1 Ke7 55. Bg4 Kd6 56. Bf3 Bb6+ 57. Rxb6 Rxb6 58. Kxg2 Rb5
59. h4 Rc5 60. Kg3 0-1

[Event "II Open A"]
[Site "Pedavena ITA"]
[Date "2006.08.01"]
[Round "1"]
[White "Pasquotto, Mirko"]
[Black "Kasparov, Sergey"]
[Result "0-1"]
[WhiteElo "1939"]
[BlackElo "2491"]
[PlyCount "116"]
[EventDate "2006.08.01"]

1. e4 c6 2. d4 d5 3. Nc3 dxe4 4. Nxe4 Bf5 5. Ng3 Bg6 6. h4 h6 7. Nf3 Nd7 8. h5
Bh7 9. Bd3 Bxd3 10. Qxd3 e6 11. Bf4 Bb4+ 12. c3 Be7 13. O-O-O Ngf6 14. Kb1 O-O
15. Ne4 Qa5 16. Ne5 Rad8 17. Qe2 Nxe4 18. Qxe4 Nxe5 19. Bxe5 Bd6 20. g4 Bxe5
21. dxe5 Rd5 22. Rxd5 Qxd5 23. Qxd5 cxd5 24. Rd1 g5 25. Kc1 f6 26. exf6 Rxf6
27. Rf1 Kf7 28. Kd2 e5 29. Ke3 Ke6 30. f3 Rf4 31. Rd1 b5 32. b4 Rc4 33. Kd2 d4
34. Rc1 Kd5 35. a3 a5 36. bxa5 Ra4 37. cxd4 exd4 38. Rc8 Rxa5 39. Rd8+ Ke5 40.
Re8+ Kf4 41. Rf8+ Kg3 42. Rf6 Rxa3 43. Rxh6 Rxf3 44. Rb6 Kxg4 45. h6 Rh3 46.
Rxb5 Rxh6 47. Rd5 Re6 48. Rxd4+ Kh3 49. Rd3+ Kh4 50. Rd8 g4 51. Rh8+ Kg3 52.
Rf8 Kg2 53. Rg8 g3 54. Rf8 Kg1 55. Rg8 g2 56. Rg7 Rh6 57. Ke2 Kh1 58. Kf2 Rf6+
0-1

[Event "II Open A"]
[Site "Pedavena ITA"]
[Date "2006.08.01"]
[Round "1"]
[White "Pedrazzi, Giuseppe"]
[Black "Tiengo, Davide"]
[Result "1/2-1/2"]
[WhiteElo "1835"]
[BlackElo "2091"]
[PlyCount "135"]
[EventDate "2006.08.01"]

1. d4 Nf6 2. Nf3 g6 3. Bf4 Bg7 4. e3 d6 5. h3 O-O 6. Be2 Nbd7 7. O-O c5 8. c3
b6 9. Nbd2 Bb7 10. Re1 Re8 11. Nc4 Ne4 12. Nfd2 Nxd2 13. Nxd2 Nf6 14. Bf3 Bxf3
15. Nxf3 Qc7 16. Bh2 Qb7 17. Qd3 Rac8 18. Rac1 d5 19. Be5 e6 20. Re2 c4 21. Qc2
b5 22. a3 a5 23. Nd2 Ra8 24. Ree1 Ra6 25. e4 Nd7 26. Bxg7 Kxg7 27. exd5 Qxd5
28. Qe4 Qxe4 29. Rxe4 Rb8 30. Ra1 Rc6 31. Nf3 Rc7 32. Ne5 Nf6 33. Ree1 Nd5 34.
g3 b4 35. axb4 axb4 36. cxb4 Rxb4 37. Rec1 Rxb2 38. Rxc4 Rcb7 39. Rd1 h5 40. h4
Nf6 41. Rdc1 Nd5 42. Rd1 Ra2 43. Nd3 Nf6 44. Rb4 Rba7 45. Rb2 Rxb2 46. Nxb2 Ra2
47. Rd2 Ne4 48. Rc2 Kf6 49. Kg2 Kf5 50. f3 Nd6 51. Kh3 Kf6 52. Rd2 Nf5 53. Nc4
Rxd2 54. Nxd2 Nxd4 55. Kg2 Nf5 56. Ne4+ Ke7 57. Ng5 Nd6 58. Nh3 e5 59. Nf2 Ke6
60. Nd3 Nb7 61. Kf2 f6 62. Ke3 f5 63. Nf2 Nd6 64. Nd3 Nc4+ 65. Ke2 Kf6 66. Nc5
Ke7 67. Kd3 Nd6 68. Ke3 1/2-1/2

[Event "II Open A"]
[Site "Pedavena ITA"]
[Date "2006.08.01"]
[Round "1"]
[White "Pegoraro, Nicola"]
[Black "Vandervoort, Chantal"]
[Result "1-0"]
[WhiteElo "2047"]
[BlackElo "1800"]
[PlyCount "55"]
[EventDate "2006.08.01"]

1. e4 c5 2. Nf3 d6 3. d4 cxd4 4. Nxd4 Nf6 5. Nc3 a6 6. Bg5 Nbd7 7. f4 Qc7 8.
Qf3 e6 9. O-O-O Be7 10. g4 Rb8 11. Bxf6 Bxf6 12. g5 Be7 13. f5 Ne5 14. Qg3 b5
15. fxe6 fxe6 16. Bh3 b4 17. Nce2 Qc4 18. b3 Qc5 19. Nf4 Bxg5 20. Kb1 Bxf4 21.
Qxf4 Ng6 22. Qd2 Ke7 23. Rhf1 Bd7 24. e5 d5 25. Qg5+ Ke8 26. Nxe6 Bxe6 27. Bxe6
Rb7 28. Rxd5 1-0

[Event "II Open A"]
[Site "Pedavena ITA"]
[Date "2006.08.01"]
[Round "1"]
[White "Pompili, Alberto"]
[Black "Pomaro, Alberto"]
[Result "0-1"]
[WhiteElo "1822"]
[BlackElo "2046"]
[PlyCount "58"]
[EventDate "2006.08.01"]

1. d4 Nf6 2. Nf3 g6 3. Nbd2 Bg7 4. e4 d6 5. Bd3 O-O 6. O-O Nbd7 7. c3 e5 8. Re1
c6 9. dxe5 Nxe5 10. Nxe5 dxe5 11. Nf3 Qc7 12. Qe2 Be6 13. Bc4 Bxc4 14. Qxc4 Ne8
15. Qb3 c5 16. c4 f5 17. Bd2 fxe4 18. Rxe4 Nd6 19. Re2 Rae8 20. Be3 e4 21. Nd2
Nf5 22. Qc2 Qc6 23. Rae1 Re6 24. Nb1 Rd8 25. Nc3 Nd4 26. Bxd4 cxd4 27. Rxe4 d3
28. Rxe6 dxc2 29. Rxc6 Bxc3 0-1

[Event "II Open A"]
[Site "Pedavena ITA"]
[Date "2006.08.01"]
[Round "1"]
[White "Rossi, Gianni"]
[Black "Militello, Michele"]
[Result "1-0"]
[WhiteElo "2105"]
[BlackElo "1847"]
[PlyCount "61"]
[EventDate "2006.08.01"]

1. d4 d5 2. e4 c6 3. Nc3 Qa5 4. f3 dxe4 5. fxe4 Nf6 6. Bd3 Bg4 7. Nf3 Nbd7 8.
Bd2 Bxf3 9. Qxf3 Qb6 10. e5 Nd5 11. Nxd5 cxd5 12. O-O Qxd4+ 13. Be3 Nxe5 14.
Bxd4 Nxf3+ 15. Rxf3 f6 16. Bb5+ Kd8 17. Rd1 Kc7 18. Bc5 b6 19. Bf2 Rd8 20. Rc3+
Kb8 21. Ba6 e6 22. Rc6 Bd6 23. c4 Be5 24. c5 bxc5 25. Rxc5 Rd6 26. Rb5+ Ka8 27.
Bb7+ Kb8 28. Bxd5+ Kc8 29. Rc1+ Kd7 30. Rb7+ Ke8 31. Rc8+ 1-0

[Event "II Open A"]
[Site "Pedavena ITA"]
[Date "2006.08.01"]
[Round "1"]
[White "Roversi, Stefano"]
[Black "Navarro, Stefano"]
[Result "0-1"]
[WhiteElo "1857"]
[BlackElo "2224"]
[PlyCount "66"]
[EventDate "2006.08.01"]

1. e4 e5 2. Nf3 Nc6 3. Bb5 f5 4. exf5 e4 5. Qe2 Qe7 6. Bxc6 dxc6 7. Nd4 Qe5 8.
Ne6 Bxe6 9. fxe6 Bd6 10. Nc3 Nf6 11. d3 exd3 12. Qxe5 Bxe5 13. cxd3 O-O-O 14.
Ke2 Rhe8 15. Be3 Rxe6 16. g3 Nd5 17. Rac1 Bxc3 18. bxc3 Rde8 19. Rc2 Nxe3 20.
fxe3 Rxe3+ 21. Kd2 Rf3 22. c4 Rd8 23. Rc3 Rf2+ 24. Ke3 Rxa2 25. d4 Re8+ 26. Kf4
Rf2+ 27. Kg5 Re4 28. h4 Rf6 29. Rd1 Kd7 30. d5 c5 31. Ra1 Ke7 32. Rxa7 Kf7 33.
g4 Re5# 0-1

[Event "II Open A"]
[Site "Pedavena ITA"]
[Date "2006.08.01"]
[Round "1"]
[White "Santi, Andrea"]
[Black "Gaido, Paolo"]
[Result "1/2-1/2"]
[WhiteElo "1848"]
[BlackElo "2121"]
[PlyCount "35"]
[EventDate "2006.08.01"]

1. e4 d6 2. d4 Nf6 3. Nc3 g6 4. Nf3 Bg7 5. Be2 O-O 6. O-O Bg4 7. Be3 Nc6 8. Qd2
e5 9. d5 Ne7 10. Bh6 Nd7 11. Bxg7 Kxg7 12. Ng5 Bxe2 13. Nxe2 h6 14. Nf3 f5 15.
exf5 Nxf5 16. Ng3 Nxg3 17. hxg3 Rf7 18. b4 1/2-1/2

[Event "II Open A"]
[Site "Pedavena ITA"]
[Date "2006.08.01"]
[Round "1"]
[White "Solinas, Carlo"]
[Black "Paltrinieri, Nicholas"]
[Result "1-0"]
[WhiteElo "2060"]
[BlackElo "1817"]
[PlyCount "49"]
[EventDate "2006.08.01"]

1. e4 d5 2. Nc3 d4 3. Nce2 e5 4. Ng3 Nf6 5. Nf3 Nc6 6. Bb5 Bd6 7. d3 O-O 8. O-O
Qe7 9. c3 Bc5 10. c4 a6 11. Bxc6 bxc6 12. a3 a5 13. Bd2 Bd7 14. Nh4 Rfb8 15.
Nhf5 Qe8 16. Qc1 Bf8 17. Bg5 Qe6 18. b4 axb4 19. axb4 Bxb4 20. Rxa8 Rxa8 21. c5
Ra5 22. Nxg7 Kxg7 23. Bxf6+ Kf8 24. Qh6+ Ke8 25. Nf5 1-0

[Event "II Open A"]
[Site "Pedavena ITA"]
[Date "2006.08.01"]
[Round "1"]
[White "Tamassia, Gabriele"]
[Black "Tomelleri, Alessio"]
[Result "1-0"]
[WhiteElo "1655"]
[BlackElo "1972"]
[PlyCount "47"]
[EventDate "2006.08.01"]

1. Nf3 f5 2. d4 Nf6 3. Bf4 e6 4. e3 Be7 5. Nbd2 O-O 6. Bd3 d6 7. Qe2 Nd5 8. c3
Nxf4 9. exf4 Bf6 10. O-O Nc6 11. Rfe1 Qe7 12. Bc4 d5 13. Bd3 Bd7 14. Nb3 Rfe8
15. Qd2 Qf7 16. Re2 b6 17. Rae1 a5 18. Ne5 Nxe5 19. dxe5 Be7 20. Nd4 c5 21.
Nxf5 exf5 22. e6 Bxe6 23. Rxe6 g6 24. Bb5 1-0